| 000 | 00000nam 2200000za 4500 |
| 001 | 9.816743 |
| 003 | CaOODSP |
| 005 | 20221107142321 |
| 007 | cr ||||||||||| |
| 008 | 160405s2016 quc o| f000 0 fre d |
| 040 | |aCaOODSP|bfre |
| 043 | |an-cn--- |
| 086 | 1 |aIP54-81/2016F-PDF |
| 245 | 02|aQuelles mesures prenez-vous pour protéger votre vie privée? |h[ressource électronique] : |bdix conseils à suivre pour protéger vos renseignements personnels. |
| 260 | |aGatineau, Québec : |bCommissariat à la protection de la vie privée du Canada, |c[2016]. |
| 300 | |a2 p. |
| 500 | |aPublié aussi en anglais sous le titre : What are you doing to protect your privacy? : 10 tips for protecting personal information. |
| 504 | |aComprend des réf. de lien lypertexte. |
| 692 | 07|2gccst|aOrdinateur |
| 692 | 07|2gccst|aSécurité |
| 692 | 07|2gccst|aVie privée |
| 710 | 2 |aCommissariat à la protection de la vie privée du Canada. |
| 775 | 08|tWhat are you doing to protect your privacy? |w(CaOODSP)9.816742 |
| 856 | 40|qPDF|s147 Ko|uhttps://publications.gc.ca/collections/collection_2016/cpvp-opc/IP54-81-2016-fra.pdf |